The great American novel / (Record no. 77056)
[ view plain ]
| 000 -LEADER | |
|---|---|
| fixed length control field | 01332cam a2200361Ia 4500 |
| 001 - CONTROL NUMBER | |
| control field | 77056 |
| 003 - CONTROL NUMBER IDENTIFIER | |
| rucl marc code | BD-RjUL |
| 005 - DATE AND TIME OF LATEST TRANSACTION | |
| control field | 20211209082924.0 |
| 008 - FIXED-LENGTH DATA ELEMENTS--GENERAL INFORMATION | |
| fixed length control field | 200217s1988 dk 000 1 eng d |
| 035 ## - SYSTEM CONTROL NUMBER | |
| System control number | BD-RjUl)77280 |
| 040 ## - CATALOGING SOURCE | |
| Original cataloging agency | WIQ |
| Transcribing agency | WIQ |
| Modifying agency | EYE |
| -- | MYG |
| Language of cataloging | eng |
| 041 ## - LANGUAGE CODE | |
| Language code of text/sound track or separate title | eng |
| 049 ## - LOCAL HOLDINGS (OCLC) | |
| Holding library | MYGG |
| 082 ## - DEWEY DECIMAL CLASSIFICATION NUMBER | |
| Edition number | 21 |
| Classification number | 813.5 |
| Author mark and year | WIG 1980 |
| 090 ## - LOCALLY ASSIGNED LC-TYPE CALL NUMBER (OCLC); LOCAL CALL NUMBER (OCLC) | |
| Classification number (OCLC) (R) ; Classification number, CALL (RLIN) (NR) | PS3545.I293.G74 2004 |
| 100 1# - MAIN ENTRY--PERSONAL NAME | |
| Personal name | Williams, William Carlos, |
| Dates associated with a name | 1883-1963. |
| 9 (RLIN) | 239565 |
| 245 14 - TITLE STATEMENT | |
| Title | The great American novel / |
| Statement of responsibility, etc. | William Carlos Williams. |
| 250 ## - EDITION STATEMENT | |
| Edition statement | 1st Green Integer ed. |
| 260 ## - PUBLICATION, DISTRIBUTION, ETC. (IMPRINT) | |
| Place of publication, distribution, etc. | K�benhavn ; |
| -- | Los Angeles : |
| Name of publisher, distributor, etc. | Green Integer ; |
| Place of publication, distribution, etc. | Saint Paul, Minn. : |
| Name of publisher, distributor, etc. | Distributed in the United States by Consortium Book Sales and Distribution, |
| Date of publication, distribution, etc. | 2003. |
| 300 ## - PHYSICAL DESCRIPTION | |
| Pagination | 79 p. ; |
| Size | 26 cm. |
| 336 ## - CONTENT TYPE | |
| Content type term | text |
| Content type code | txt |
| Source | rdacontent |
| 337 ## - MEDIA TYPE | |
| Media type term | unmediated |
| Media type code | n |
| Source | rdamedia |
| 338 ## - CARRIER TYPE | |
| Carrier type term | volume |
| Carrier type code | nc |
| Source | rdacarrier |
| 490 1# - SERIES STATEMENT | |
| Series statement | Masterworks of fiction |
| Series statement | Green Integer |
| 500 ## - GENERAL NOTE | |
| General note | "First published in Paris in 1923"--T.p. verso. |
| General note | "This edition was based on the work collected in Imaginations (New York: New Directions, 1970)"--T.p. verso. |
| 830 #0 - SERIES ADDED ENTRY--UNIFORM TITLE | |
| Uniform title | Green Integer (Series) ; |
| Volume number/sequential designation | 105. |
| Uniform title | Masterworks of fiction. |
| 942 ## - ADDED ENTRY ELEMENTS (KOHA) | |
| Source of classification or shelving scheme | Dewey Decimal Classification |
| Koha item type | Books |
| Lost status | Source of classification or shelving scheme | Damaged status | Not for loan | Collection code | Permanent Location | Current Location | Shelving location | Date acquired | Total Checkouts | Full call number | Date last seen | Copy number | Koha item type |
|---|---|---|---|---|---|---|---|---|---|---|---|---|---|
| Dewey Decimal Classification | Not For Loan | Non-fiction | Central Library, University of Rajshahi | Central Library, University of Rajshahi | Reading Room | 04/10/1987 | 813.5 WIG 1980 | 19/02/2020 | C-1 | Books |